00830nam a2200217 u 450000100100000000500170001000800410002704000250006804100390009308200130013210000280014524000370017324501460021026000440035630000210040053400580042150000740047970000330055304900090058699900170059500002414920200930022747.0110119s1977 ag 000 0 spa d aDO-SdBNPbspacBNPHU17aspaheng2Código de idiomas MARC ann*bnn*1 aRiessman, Frank.94958414aThe inner-city child.lEspañol13aEl niño de la ciudad interior :beducación del niño de familias con menos recursos /cFrank Riessman ; traducción de Floreal Mazía. aBuenos Aires :b"Las Paralelas",c1977. a175 p. ;c20 cm. aTítulo original en inglés :tThe inner-city child aIncluye referencias bibliográficas y notas al pie de las páginas.1 aMazía, Floreal,etr.99797 aBNGR c23643d23643